000 02594nam a2200229 i 4500
001 768714001
003 CO-MdFUSB
005 20221125173604.0
008 220601t1984 ck |||| |||| 00| 0 spa d
040 _bspa
_cCO-MdFUSB
_dCO-MdFUSB
100 _aMaupassant, Guy de,
_eautor
245 _aCuentos de guerra :
_bBola de sebo, Recuerdo, La loca, Dos amigos, San Antonio.
_c/ Guy de Maupassant
300 _a319-370 páginas
_c23 cm
520 _aBola de Sebo.- Una prostituta despreciada reparte su comida con los burgueses que la acompañan asqueados en un viaje. También le da a aquellos conciliadores burgueses una clase de patriotismo, cuando un oficial invasor detiene el coche y demanda los favores de la prostituta como condición para permitirles continuar el viaje. Viendo que sus vidas dependen de Bola de Sebo, los burgueses recurren a todo tipo de halagos. La prostituta finalmente se entrega al enemigo y éste permite que el carruaje siga su marcha. Como si nada hubiera sucedido, las señoras y señores burgueses recobran sus posturas distantes y llenan de reproches a la mujer vulgar y “pecadora”. Renacido el desprecio, la pobre muchacha no tiene otro consuelo que sus propias lágrimas.
520 _aRecuerdo.- Un grupo de soldados en retirada, maltrechos y agotados, topan con un anciano y una niña. La presencia de esta última levanta la moral de la tropa que se vuelca en su cuidado.
520 _aLa Loca.- Unos soldados prusianos invaden un pueblo francés y ocupan las viviendas de la localidad. En una de ellas vive una loca en estado catatónico. El comandante del grupo invasor interpreta su silencio e inmovilidad como un desprecio hacia sus hombres y opta por abandonarla en el bosque.
520 _aDos Amigos.- En pleno asedio de París y cuando las tropas prusianas se acercaban a la ciudad, dos amigos aficionados a la pesca deciden tomar sus bártulos y dirigirse a una zona a orillas del Sena pese al peligro de encontrarse con el enemigo invasor. Cuando ya habían capturados unos cuantos ejemplares, una patrulla enemiga los detiene y los acusa de espionaje.
520 _aSan Antonio.- Un campesino se ve obligado a acoger en su casa a un soldado prusiano que forma parte de un grupo que invade su pueblo. Ante la estupidez que muestra este último, nuestro hombre opta por tratarlo como un cerdo ante los ojos de sus paisanos para vengarse de los invasores.
650 7 _92654
_aLiteratura francesa
773 0 _067924
_981127
_aOveja Negra,
_o24690
_tMaestros de la literatura universal :
_w(CO-MdFUSB)768714001
_z8482806718
942 _cBK
999 _c67930
_d67930